| 000 | 01128nam a22002777a 4500 | ||
|---|---|---|---|
| 999 |
_c114985 _d114985 |
||
| 003 | dpl | ||
| 005 | 20181205134939.0 | ||
| 008 | 181205b ||||| |||| 00| 0 eng d | ||
| 010 | _aA-919981 | ||
| 020 |
_c100.00 _a8186624112 |
||
| 035 | _aA-919981, A-920005 | ||
| 037 | _bCen Lib/Ret | ||
| 040 |
_aDPL _bHN _c0 |
||
| 082 |
_aउ _bजौहरी |
||
| 100 |
_aजौहरी, प्रतिभा _959336 |
||
| 245 |
_aहिमालय की गोद में / _cप्रतिभा जौहरी |
||
| 246 |
_aHimalaya ki god mein / _bby Pratibha Jauhari |
||
| 260 |
_aदिल्ली _bपूर्वांचल प्रकाशन _c1998 |
||
| 270 |
_bदिल्ली _a1180, ए ब्लाक, सोनिया विहार _e110094 |
||
| 300 |
_a167पृ. _c21मी(सजिल्द) |
||
| 650 |
_aहिन्दी साहित्य _959337 |
||
| 650 |
_aहिन्दी साहित्य -- उपन्यास _946379 |
||
| 650 |
_aHindi literature _959338 |
||
| 650 |
_aHindi literature -- Fiction _959339 |
||
| 942 |
_2ddc _cHN _hउ _mजौहरी |
||